000 00329 a2200157 4500
001 59892
020 _a9783570219935
040 _cAnchieta - Pituba
100 _aMarkl, Gregor
240 1 0 _aDie erde
_lpor
245 1 0 _aDie erde
300 _a240
362 0 _a2008
650 4 _aLiteratura infantil em alemão
942 _cBK
999 _c59892
_d59892